000 00658nam a2200205Ii 4500
003 JO-AjNU
008 230605s9999||||xx |||||||||||||| ||und||
040 _aJO-AjNU
_bara
_erda
_cJO-AjNU
041 _aara
050 1 4 _aK559.N3378.1968
100 3 _a الناهي، صلاح الدين ,
_eauthor
_946882
245 0 0 _aالنظرية العامة في القانون الموازن وعلم الخلاف
250 _a(د،ط)
264 3 1 _aبغداد : د ، ن ،1968
300 _a488ص
336 _atext
_btxt
_2rdacontent
337 _aunmediated
_bn
_2rdamedia
338 _avolume
_bnc
_2rdacarrier
650 4 _aقانون مقارن
_946883
999 _aA20427
_c23995
_d23995